Les personnages d'Iron Man 3 - #7 - Statistiques

Statistiques générales
  • Ce quiz a été pris 7 fois
  • Le résultat moyen est 5 sur 10
Statistiques - réponses
Réponse % Correct
Tony Stark / Iron Man
100%
James Rhodes / War Machine
86%
Pepper Potts
86%
Aldrich Killian / le Mandarin
71%
Trevor Slattery / le faux Mandarin
57%
Harley Keener
43%
Eric Savin
29%
JARVIS
29%
Maya Hansen
29%
Bruce Banner / Hulk
14%
Aucun quiz correspondant
Distribution des résultats
% des personnes avec chaque résultat
Percentile par nombre de réponses
Votre historique - résultats
Vous n’avez pas pris ce quiz